Quantitative genetics and breeding methods Proceedings of the 4th meeting of the section biometrics in plant breeding

محفوظ في:
التفاصيل البيبلوغرافية
التنسيق: كتاب
اللغة:Undetermined
منشور في: Lusignan INRA 1981
الموضوعات:
الوسوم: إضافة وسم
لا توجد وسوم, كن أول من يضع وسما على هذه التسجيلة!
Thư viện lưu trữ: Trung tâm Học liệu Trường Đại học Cần Thơ
LEADER 00502nam a2200169Ia 4500
001 CTU_8726
008 210402s9999 xx 000 0 und d
082 |a 581.15 
082 |b Q1 
245 0 |a Quantitative genetics and breeding methods 
245 0 |b Proceedings of the 4th meeting of the section biometrics in plant breeding 
260 |a Lusignan 
260 |b INRA 
260 |c 1981 
650 |a plant breeding 
904 |i Minh, 960918 
980 |a Trung tâm Học liệu Trường Đại học Cần Thơ